| 000 | 00373nam a2200169Ia 4500 | ||
|---|---|---|---|
| 003 | 0100 | ||
| 008 | 130303s9999 xx 000 0 und d | ||
| 040 | _cARRUPELIB | ||
| 050 | _aD16.8.D7 1964 | ||
| 100 | _aDray, William H | ||
| 245 | _aPhilosophy of History | ||
| 260 | _aNew Jersey | ||
| 260 | _bPrentice-Hall, inc | ||
| 260 | _C1964 | ||
| 300 | _a116p | ||
| 942 | 0 | 0 | _02 |
| 999 |
_c41665 _d41665 |
||